000 00806nam a2200205 a 4500
003 0
005 20250513090359.0
008 021107s19uu xx 00 eng d
050 _aPGS TX 364
_b.C758 2002
100 _aConsul, Mellorie Anne.
245 _aPerceptions of grade 6 students of Southvile International School on the nutritional value of the food choices at the food court /
_cMellorie Anne Consul.
260 _aLas PiƱas City, Philippines :
_bSouthville International School and Colleges,
_c2002.
300 _a24 pages :
_bilustrations ;
_c28 cm.
504 _aIncludes bibliographical references.
650 _aNutrition
_vStudy and teaching (Elementary).
650 _aFood preferences.
650 _aSchool cafeterias.
650 _aSchool children
_vNutrition.
942 _2lcc
_cPASS
999 _c96611
_d96611